|
|
|
|
| LEADER |
00000nam0a2200000 4500 |
| 001 |
31892 |
| 005 |
20231030204635.0 |
| 010 |
|
|
|a 5229009071
|
| 035 |
|
|
|a (RuTPU)RU\TPU\book\32187
|
| 035 |
|
|
|a BOOK00000266
|
| 090 |
|
|
|a 31892
|
| 100 |
|
|
|a 20011210d1992 u y0rusy50 ca
|
| 101 |
0 |
|
|a rus
|
| 102 |
|
|
|a RU
|
| 105 |
|
|
|a a 001|y
|
| 200 |
1 |
|
|a Структура и механические свойства аморфных сплавов
|f А. М. Глезер, Б. В. Молотилов
|
| 210 |
|
|
|a Москва
|c Металлургия
|d 1992
|
| 215 |
|
|
|a 207 с.
|c ил.
|
| 320 |
|
|
|a Библиогр.: с. 198-208.
|
| 610 |
1 |
|
|a металлургия
|
| 610 |
1 |
|
|a сплавы аморфные
|
| 610 |
1 |
|
|a структура
|
| 610 |
1 |
|
|a физико-механические свойства
|
| 610 |
1 |
|
|a прочность
|
| 610 |
1 |
|
|a пластическое течение
|
| 610 |
1 |
|
|a разрушение
|
| 610 |
1 |
|
|a хрупкость
|
| 675 |
|
|
|a 669.018:53
|v 3
|
| 700 |
|
1 |
|a Глезер
|b А. М.
|g Александр Маркович
|
| 701 |
|
1 |
|a Молотилов
|g Борис Владимирович
|
| 801 |
|
0 |
|a RU
|b 63413507
|c 20011210
|g PSBO
|
| 801 |
|
2 |
|a RU
|b 63413507
|c 20170111
|g RCR
|
| 942 |
|
|
|c BK
|